000 00538nam a2200205Ia 4500
003 GCL
008 140319s9999 xx 000 0 ara d
040 _aGCL /
_cGCL
082 0 4 _a928.162
_bا ا
100 1 _aانيس دنقل
245 1 0 _aاحاديث امل دنقل /
_cانيس دنقل
300 _a170 ص
490 _a
650 0 4 _aالمذكرات
650 0 4 _aالادباء
650 0 4 _aالتراجم الذاتية
650 0 4 _aالادباء المصريون
650 0 4 _aامل دنقل
942 _2ddc
_cBK
999 _c39274
_d39274